Michael Jackson Songs - Sudden Death - Statistics

General Stats
  • This quiz has been taken 96,374 times
  • The average score is 11 of 20
Answers on the Grid
Answers color-coded by a green-red scale on the quiz's grid according to % correct below.
B.L.T. (Bacon Lettuce Tomato)
Bad
Beat It
Billie Jean
Black or White
Dirty Diana
Don't Stop 'Til You Get Enough
Earth Song
Ghouls
Heal the World
In the Closet
Like a Virgin
Man in the Mirror
Moonwalker
Ms. Jackson
Namibian Girl
Neverland
No Can Do
Off The Rails
Power of Love
P.Y.T. (Pretty Young Thing)
Purple Rain
Remember the Time
Rhythm Nation
Rock with You
Scream
Smooth Criminal
Stranger in Costco
They Don't Care About Us
Thriller
You Are Not Alone
Wanna Be Startin' Somethin'
You Rock My World
 
Answer Stats
Answer % Correct
Billie Jean
80%
Thriller
79%
Beat It
78%
Smooth Criminal
75%
Bad
69%
Man in the Mirror
66%
Black or White
65%
Dirty Diana
58%
They Don't Care About Us
54%
Don't Stop 'Til You Get Enough
53%
Rock with You
50%
P.Y.T. (Pretty Young Thing)
49%
Earth Song
47%
Wanna Be Startin' Somethin'
45%
Heal the World
42%
Remember the Time
39%
You Are Not Alone
39%
You Rock My World
37%
Scream
27%
In the Closet
18%
No matching quizzes found
Score Distribution
Percent of People with Each Score
Percentile by Number Answered
Your Score History
You have not taken this quiz